00395nam a2200157Ia 4500008004100000020001800041040001900059041001200078082001700090100001000107245003000117260003000147300002400177650001300201850002300214131103s9999 xx 000 0 und d a0 00 171306 X aLoreto College aEnglish aCHBKb#NAME? aSeuss aGreen eggs and hamcSeuss aNew York bCollins c1962 a62p.b ill.c 22cm. aCHBK - 1 aLCBED/CHBK - 1/SEU